The complete Kwanzaa : (Record no. 1360)

MARC details
000 -LEADER
fixed length control field 01335cam a2200301Ia 4500
003 - CONTROL NUMBER IDENTIFIER
control field data
005 - DATE AND TIME OF LATEST TRANSACTION
control field 20260322212057.0
008 - FIXED-LENGTH DATA ELEMENTS--GENERAL INFORMATION
fixed length control field data
020 ## - INTERNATIONAL STANDARD BOOK NUMBER
International Standard Book Number 0785816976
020 ## - INTERNATIONAL STANDARD BOOK NUMBER
International Standard Book Number 9780785816973
040 ## - CATALOGING SOURCE
Original cataloging agency FJD
Transcribing agency FJD
Modifying agency UtOrBLW
-- BAKER
-- BTCTA
-- OCLCG
-- UtOrBLW
049 ## - LOCAL HOLDINGS (OCLC)
Holding library OSUU
050 #4 - LIBRARY OF CONGRESS CALL NUMBER
Classification number GT4403
Item number .R56 2002
082 04 - DEWEY DECIMAL CLASSIFICATION NUMBER
Classification number 394.2
092 ## - LOCALLY ASSIGNED DEWEY CALL NUMBER (OCLC)
Classification number 394.2 R56 2002
001 - CONTROL NUMBER
control field data
100 1# - MAIN ENTRY--PERSONAL NAME
Personal name Riley, D. Winbush
Fuller form of name (Dorothy Winbush)
245 14 - TITLE STATEMENT
Title The complete Kwanzaa :
Remainder of title celebrating our cultural harvest /
Statement of responsibility, etc. D. Winbush Riley.
246 ## - VARYING FORM OF TITLE
Title proper/short title Kwanzaa : celebrating our cultural harvest.
250 ## - EDITION STATEMENT
Edition statement 1st ed.
260 ## - PUBLICATION, DISTRIBUTION, ETC.
Place of publication, distribution, etc. New York :
Name of publisher, distributor, etc. Castle Books,
Date of publication, distribution, etc. 2002.
300 ## - PHYSICAL DESCRIPTION
Extent xi, 387 p. :
Other physical details ill. ;
Dimensions 25 cm.
504 ## - BIBLIOGRAPHY, ETC. NOTE
Bibliography, etc. note Includes bibliographical references (p. [371]-374) and index.
505 0# - FORMATTED CONTENTS NOTE
Formatted contents note Introduction to Kwanzaa -- Principle 1: Umoja -- Principle 2: Kujichagulia -- Principle 3: Ujima -- Principle 4: Ujamaa -- Principle 5: Nia -- Principle 6: Kuumba -- Principle 7: Imani -- Kwanzaa's Karamu.
520 ## - SUMMARY, ETC.
Summary, etc. A resource guide to Kwanzaa is organized around the seven principles and describes the traditions, practices, and cultural foundations of the holiday, providing celebrants with hundreds of suggestions for gift giving, food preparation, and more.
650 #0 - SUBJECT ADDED ENTRY--TOPICAL TERM
Topical term or geographic name entry element Kwanzaa.
650 #0 - SUBJECT ADDED ENTRY--TOPICAL TERM
Topical term or geographic name entry element African Americans
General subdivision Social life and customs.
Holdings
Withdrawn status Lost status Damaged status Not for loan Home library Current library Shelving location Date acquired Total checkouts Full call number Barcode Date last seen Price effective from Koha item type
        Troy Troy General stacks 22/03/2026   394.2 BC0011406 22/03/2026 22/03/2026 Books